Our social world (Record no. 1439379)

MARC details
000 -LEADER
fixed length control field 00529nam a2200205Ia 4500
005 - DATE AND TIME OF LATEST TRANSACTION
control field 20250923144457.0
008 - FIXED-LENGTH DATA ELEMENTS--GENERAL INFORMATION
fixed length control field 008 250917s9999 xx 000 0 eng d
037 ## - SOURCE OF ACQUISITION
Stock number Textual
040 ## - CATALOGING SOURCE
Original cataloging agency DSWL
Language of cataloging eng
Transcribing agency DSWL
041 ## - LANGUAGE CODE
Language code of text/sound track or separate title eng
Source of code eng
084 ## - COLON CLASSIFICATION NUMBER
Assigning agency DSWL
100 ## - MAIN ENTRY--PERSONAL NAME
Personal name Wallis, Wallis
9 (RLIN) 825276
245 #0 - TITLE STATEMENT
Title Our social world
Statement of responsibility, etc. by Wallis
250 ## - EDITION STATEMENT
Edition statement 2nd ed.
260 ## - PUBLICATION, DISTRIBUTION, ETC.
Name of publisher, distributor, etc. Mc graw-Hill Book Company
Date of publication, distribution, etc. 1940
300 ## - PHYSICAL DESCRIPTION
Extent xiii,402p.
700 ## - ADDED ENTRY--PERSONAL NAME
Personal name Wallis
9 (RLIN) 825277
942 ## - ADDED ENTRY ELEMENTS (KOHA)
Koha item type Textual
Holdings
Withdrawn status Lost status Damaged status Not for loan Home library Current library Date acquired Total Checkouts Barcode Date last seen Price effective from Koha item type
        Department of Social Work Library Department of Social Work Library 2025-09-23   SW0003539 2025-09-23 2025-09-23 Textual
Copyright @ Delhi University Library System